00875nam a2200181 i 4500001000700000003000900007005001700016008004100033100003800074245017400112260006900286300002100355530003500376610004700411650002700458852009400485856011400579156510ES-MaACL20250921063034.0940202s1852 sp |||| | spa d1 aOrdóñez, Melchor, d1811-186010aMemoria sobre las reformas introducidas en el ramo de la beneficiencia provincial de Madrid : baño de 1852 / cpor el gobernador de la provincia, Melchor Ordóñez. aMadrid : b[s.n., c1852?] (fImp. de don José María Alonso) a22 p. ; c30 cm. aDisponible en formato digital.14aMadrid. bJunta Municipal de Beneficencia. 4aBeneficencia-zMadrid.4 aES-MaACLjT-52-F-5 z- Enc. hol., falto de cub. original z- Enc. en un vol. facticio4 uhttp://bibliotecavirtualdefensa.es/BVMDefensa/es/consulta/registro.do?id=16547zBiblioteca Virtual de Defensa